Normal view
MARC view
Entry Personal Name
001 - CONTROL NUMBER
- control field: 18043
003 - CONTROL NUMBER IDENTIFIER
- control field: ARRUPE
005 - DATE AND TIME OF LATEST TRANSACTION
- control field: 20150715105050.0
008 - FIXED-LENGTH DATA ELEMENTS
- fixed length control field: 150715|| aca||aabn | a|a d
040 ## - CATALOGING SOURCE
- Original cataloging agency: ARRUPE
- Transcribing agency: ARRUPE
100 ## - HEADING--PERSONAL NAME
- Personal name: Eger, Martin,
- Dates associated with a name: 1936-2002.
670 ## - SOURCE DATA FOUND
- Source citation: Work cat.: (ARRUPE)0: Eger, Martin, 1936-2002., Science, understanding, and justice :, c2006.